Ekonomika práce časopis pre otázky riadenia a téorie práce

Saved in:
Bibliographic Details
Format: Serial
Language:Slovak
Published: Bratislava Práca 1985
Tags: Add Tag
No Tags, Be the first to tag this record!

MARC

LEADER 00000nas2a2200000 4500
001 s105705
005 20250730114157.4
041 0 |a slo 
044 |a SK 
245 1 0 |a Ekonomika práce  |b časopis pre otázky riadenia a téorie práce 
264 1 |a Bratislava  |b Práca  |c 1985 
300 |a 1 zv. 
773 0 |w eu_un_cat*s121058